LDR 01094naa#a2200229#i#450# 001 RU\\bibl\120294 005 20260503135226.7 011 ## _a2782-490X 100 ## _a20260403b2026####ek#y0rusy0150####ca 101 0# _aRUS 102 ## _aRU 200 1# _aОЦЕНКА ЭРОЗИОННОЙ ОПАСНОСТИ ВЕСЕННИХ ТАЛЫХ ВОД В РАЗЛИЧНЫХ ТИПАХ АГРОЛАНДШАФТА В УСЛОВИЯХ УЛЬЯНОВСКОЙ ОБЛАСТИ _eЖурнальная статья 210 1# _aКазань _cКазанский государственный аграрный университет _d2026 215 ## _a6 с. 608 ## _aЖурнальная статья _2local 675 ## _aЭрозия. 631.459.21 _zRUS 700 #1 _aТойгильдин _gАлександр Леонидович 700 #1 _aПетров _gМаксим Вячеславович 700 #1 _aШарипова _gРазиде Бариевна 700 #1 _aНикифорова _gСветлана Александровна 700 #1 _aСяпуков _gНикита Евгеньевич 856 4# _anaukaru.ru _u